مكتبة جامعة عجلون الوطنية

فهرس بحث المكتبة

Normal view MARC view
  • بنوك -- الأردن -- تقارير سنوية -- ودائع مصرفية -- بنوك تجارية -- مؤسسة ضمان الودائع (عمان، الأردن) -- تقارير سنوية

Entry Topical Term

Number of records used in: 1

001 - CONTROL NUMBER

  • control field: 46099

003 - CONTROL NUMBER IDENTIFIER

  • control field: JO-AjAnu

005 - DATE AND TIME OF LATEST TRANSACTION

  • control field: 20230606081624.0

008 - FIXED-LENGTH DATA ELEMENTS

  • fixed length control field: 230606|| aca||aabn | a|a d

040 ## - CATALOGING SOURCE

  • Original cataloging agency: JO-AjAnu
  • Transcribing agency: JO-AjAnu

150 ## - HEADING--TOPICAL TERM

  • Topical term or geographic name entry element: بنوك -- الأردن -- تقارير سنوية -- ودائع مصرفية -- بنوك تجارية -- مؤسسة ضمان الودائع (عمان، الأردن) -- تقارير سنوية

670 ## - SOURCE DATA FOUND

  • Source citation: Work cat.: (JO-AjAnu)23598: مؤسسة ضمان الودائع (عمان، الأردن), author 46098, 2011 ، مؤسسة ضمان الودائع : التقرير السنوي